000
00258nam a2200109Ia 4500
008
200302s9999 xx 000 0 und d
100
_a
Tim & Charlotte Benton
245
_a
Form and Function
260
_b
The Open University
260
_c
1975
300
_a
252 P.,
999
_c
359
_d
359